Patient centered hospitals / (Record no. 88329)

MARC details
000 -LEADER
fixed length control field 00674nam a22002057a 4500
005 - DATE AND TIME OF LATEST TRANSACTION
control field 20140908115627.0
010 ## - LCCN (DPL NO)
LC control number ENG-110753
020 ## - INTERNATIONAL STANDARD BOOK NUMBER
International Standard Book Number 9788183876056
Terms of availability 1200.00
035 ## - SYSTEM CONTROL NUMBER
System control number EN-94285
037 ## - SOURCE OF ACQUISITION
Source of stock number/acquisition DBAD/PUB
082 ## - DEWEY DECIMAL CLASSIFICATION NUMBER
Classification number 362.110954
100 ## - MAIN ENTRY--PERSONAL NAME
Personal name Victoria, N.J.(Narichiti J.)
245 ## - TITLE STATEMENT
Title Patient centered hospitals /
Statement of responsibility, etc by N.J. Victoria [and] T. Sreenivas
260 ## - PUBLICATION, DISTRIBUTION, ETC. (IMPRINT)
Place of publication, distribution, etc New Delhi
Name of publisher, distributor, etc Serials Publications
Date of publication, distribution, etc 2014
270 ## - ADDRESS
Address 4830/24, Prahlad Street, Ansari Road, Darya Ganj
City New Delhi
Postal code 110002
300 ## - PHYSICAL DESCRIPTION
Extent xiii,583p.
Dimensions 22cm(Hb)
500 ## - GENERAL NOTE
General note Includes bibliographical references
700 ## - ADDED ENTRY--PERSONAL NAME
Personal name Sreenivas, T.
942 ## - ADDED ENTRY ELEMENTS (KOHA)
Source of classification or shelving scheme Dewey Decimal Classification
Item type English Books
Classification part 362.110954
Call number suffix VIC
Holdings
Withdrawn status Lost status Not for loan Collection code Home library Current library Date acquired Source of acquisition Cost, normal purchase price Full call number Barcode Copy number Cost, replacement price Koha item type
    Not For Loan Non-fiction D.B.Act.Division D.B.Act.Division 05/09/2014 DBAD / PUB 1200.00 362.110954 VIC EN-94285 1 1200.00 English Books

© Delhi Public Library
Hit Counter
free hit counter